[Event "BUL-ch Seniors"]
[Site "Sofia"]
[Date "2011.05.17"]
[Round "5"]
[White "Mitov, Borislav Nankov"]
[Black "Videnov, Ivan"]
[Result "1/2-1/2"]
[WhiteElo "2101"]
[BlackElo "2062"]
[PlyCount "79"]
[EventDate "2011.05.14"]
[EventType "swiss"]
[EventRounds "9"]
[EventCountry "BUL"]
[SourceTitle "CBM 142 Extra"]
[Source "ChessBase"]
[SourceDate "2011.06.27"]
[SourceVersion "1"]
[SourceVersionDate "2011.06.27"]
[SourceQuality "1"]

1. c4 c5 2. Nf3 Nf6 3. Nc3 d6 4. g3 g6 5. Bg2 Bg7 6. 0-0 0-0 7. d3 Nc6 8. Bd2 Rb8 9. Qc1 Re8 10. Bh6 Bh8 11. Bg5 Nd7 12. Rb1 Nf8 13. Nh4 f6 14. Bd2 Bg7 15. f4 Nd4 16. e3 Nc6 17. Ne2 Bg4 18. Nf3 Qd7 19. Kh1 Bh3 20. Neg1 Bxg2+ 21. Kxg2 b5 22. Ne2 b4 23. d4 Qb7 24. d5 Nd8 25. b3 Nf7 26. Neg1 Qd7 27. Qc2 Nh6 28. h3 f5 29. Rbd1 Nf7 30. Bc1 e5 31. dxe6 Rxe6 32. Rd5 Rbe8 33. Rfd1 Qc6 34. Kf2 Nd7 35. Ng5 Nxg5 36. fxg5 Nb6 37. R5d3 Qh1 38. Kf1 Bf8 39. Qg2 Qxg2+ 40. Kxg2 1/2-1/2

[Event "BUL-ch Seniors"]
[Site "Sofia"]
[Date "2011.05.15"]
[Round "3"]
[White "Mitov, Borislav Nankov"]
[Black "Tsenukov, Angel"]
[Result "1-0"]
[WhiteElo "2101"]
[BlackElo "2056"]
[PlyCount "67"]
[EventDate "2011.05.14"]
[EventType "swiss"]
[EventRounds "9"]
[EventCountry "BUL"]
[SourceTitle "CBM 142 Extra"]
[Source "ChessBase"]
[SourceDate "2011.06.27"]
[SourceVersion "1"]
[SourceVersionDate "2011.06.27"]
[SourceQuality "1"]

1. c4 g6 2. Nc3 Bg7 3. g3 Nf6 4. Bg2 0-0 5. Nf3 d6 6. 0-0 Nc6 7. a3 a5 8. Qc2 e5 9. d3 Nh5 10. Rb1 f5 11. b4 axb4 12. axb4 f4 13. b5 Nd4 14. Nxd4 exd4 15. Nd5 fxg3 16. hxg3 Kh8 17. e3 Nf6 18. exd4 Nxd5 19. Bxd5 Bxd4 20. Bb2 Qf6 21. Bxd4 Qxd4 22. Rfe1 Ra3 23. Be4 Bf5 24. Rbd1 Bg4 25. Rd2 Bf3 26. Bxf3 Rxf3 27. Re4 Qf6 28. Kg2 Rf5 29. Rde2 Qc3 30. Qxc3+ Rxc3 31. Re7 Rxd3 32. Rxc7 Re5 33. Rxe5 dxe5 34. Rxb7 1-0

[Event "Sofia Asenova&Ivanova Memorial"]
[Site "Sofia"]
[Date "2010.04.25"]
[Round "7"]
[White "Ipatov, Alexander"]
[Black "Mitov, Borislav Nankov"]
[Result "1-0"]
[WhiteElo "2518"]
[BlackElo "2105"]
[PlyCount "91"]
[EventDate "2010.04.21"]
[EventType "swiss"]
[EventRounds "9"]
[EventCountry "BUL"]
[SourceTitle "CBM 135 Extra"]
[Source "ChessBase"]
[SourceDate "2010.05.04"]
[SourceVersion "1"]
[SourceVersionDate "2010.05.04"]
[SourceQuality "1"]

1. d4 Nf6 2. c4 d6 3. Nc3 Nbd7 4. e4 e5 5. Nf3 Be7 6. Be2 0-0 7. 0-0 c6 8. Qc2 Qc7 9. Rd1 Re8 10. Bg5 Nf8 11. d5 c5 12. a3 Ng6 13. b4 b6 14. bxc5 bxc5 15. Rab1 Bd7 16. Nb5 Bxb5 17. cxb5 h6 18. Bxf6 Bxf6 19. Nd2 Bd8 20. Nc4 Qe7 21. a4 Nf8 22. a5 Nd7 23. Rb2 Bc7 24. b6 axb6 25. axb6 Bb8 26. Ra2 Rxa2 27. Qxa2 Rf8 28. Qa4 g6 29. Qc6 f5 30. Qb7 Qd8 31. Ra1 fxe4 32. Bg4 Nf6 33. Be6+ Kh8 34. g3 Nh7 35. h4 Qf6 36. Rf1 h5 37. Ne3 Qf3 38. Bc8 g5 39. Bf5 Rxf5 40. Nxf5 Qxf5 41. Qxb8+ Nf8 42. Qxd6 gxh4 43. b7 Kg7 44. b8Q Ng6 45. Qbc7+ Kh6 46. Qcc6 1-0

[Event "Baharov Memorial op 17th"]
[Site "Sofia"]
[Date "2009.11.21"]
[Round "4"]
[White "Mitov, Borislav Nankov"]
[Black "Shishkov, Minko"]
[Result "0-1"]
[WhiteElo "2107"]
[BlackElo "2246"]
[PlyCount "66"]
[EventDate "2009.11.18"]
[EventType "swiss"]
[EventRounds "7"]
[EventCountry "BUL"]
[SourceTitle "CBM 133 Extra"]
[Source "ChessBase"]
[SourceDate "2010.01.05"]
[SourceVersion "1"]
[SourceVersionDate "2010.01.05"]
[SourceQuality "1"]

1. c4 g6 2. Nc3 Bg7 3. d4 c5 4. d5 Bxc3+ 5. bxc3 f5 6. Nf3 Qa5 7. Qb3 Nf6 8. e3 d6 9. Bd3 Nbd7 10. 0-0 Nb6 11. Ng5 Bd7 12. f3 h6 13. Ne6 Bxe6 14. dxe6 0-0-0 15. e4 fxe4 16. Bxe4 Nxe4 17. fxe4 Qa6 18. Qb5 Nxc4 19. Qxa6 bxa6 20. Rf7 Rde8 21. Bf4 g5 22. Bg3 Kc7 23. Rd1 Kc6 24. Kf2 Rhg8 25. h4 Rg6 26. hxg5 hxg5 27. Rd5 g4 28. Ke2 Rxe6 29. Kd3 Nb2+ 30. Ke3 Rg8 31. Kf4 Nc4 32. Kf5 Rh6 33. Bf4 e6# 0-1

[Event "BUL-ch Seniors"]
[Site "Sofia"]
[Date "2009.05.15"]
[Round "8"]
[White "Bizov, Stojan"]
[Black "Mitov, Borislav Nankov"]
[Result "0-1"]
[WhiteElo "1807"]
[BlackElo "2130"]
[PlyCount "84"]
[EventDate "2009.05.10"]
[EventType "swiss"]
[EventRounds "9"]
[EventCountry "BUL"]
[SourceTitle "CBM 130 Extra"]
[Source "ChessBase"]
[SourceDate "2009.07.02"]
[SourceVersion "2"]
[SourceVersionDate "2009.07.15"]
[SourceQuality "1"]

1. c4 Nf6 2. Nc3 d6 3. g3 e5 4. Bg2 c6 5. e3 Be7 6. Nge2 0-0 7. d4 Nbd7 8. 0-0 Re8 9. d5 c5 10. b3 Nf8 11. h3 Ng6 12. e4 Bd7 13. f4 exf4 14. Bxf4 Rf8 15. a4 Ne8 16. Qd2 Bf6 17. Rad1 a6 18. Rf3 Rb8 19. Rdf1 b5 20. axb5 axb5 21. Nxb5 Bxb5 22. cxb5 Rxb5 23. Kh2 Qb8 24. Qc2 Be5 25. Rd3 Nf6 26. Bf3 Rc8 27. Rc1 c4 28. Re3 Rcc5 29. bxc4 Rb2 30. Qd3 Nxf4 31. gxf4 Bxf4+ 32. Kh1 Bxe3 33. Qxe3 Nd7 34. Nd4 Ne5 35. Nc6 Nxc6 36. dxc6 Qc8 37. Bg2 Qxc6 38. Qa3 Rxg2 39. Kxg2 Qxe4+ 40. Kh2 h6 41. Rc3 Rh5 42. Kg3 Rg5+ 0-1

[Event "BUL-ch Seniors"]
[Site "Sofia"]
[Date "2009.05.13"]
[Round "5"]
[White "Mitov, Borislav Nankov"]
[Black "Nenov, Radoslav"]
[Result "0-1"]
[WhiteElo "2130"]
[BlackElo "2093"]
[PlyCount "78"]
[EventDate "2009.05.10"]
[EventType "swiss"]
[EventRounds "9"]
[EventCountry "BUL"]
[SourceTitle "CBM 130 Extra"]
[Source "ChessBase"]
[SourceDate "2009.07.02"]
[SourceVersion "2"]
[SourceVersionDate "2009.07.15"]
[SourceQuality "1"]

1. c4 Nf6 2. Nc3 e5 3. g3 c5 4. Bg2 Be7 5. d3 0-0 6. e3 Nc6 7. Nge2 d6 8. a3 Rb8 9. 0-0 Be6 10. e4 Nd4 11. Nxd4 cxd4 12. Nd5 b5 13. b3 Nd7 14. Bd2 Bxd5 15. cxd5 Nc5 16. Bb4 Na6 17. Bh3 g6 18. Bd2 Bf6 19. b4 Rb7 20. Rc1 Rc7 21. Qg4 h5 22. Qf3 Bg5 23. Qe2 Rxc1 24. Rxc1 Bxd2 25. Qxd2 Kg7 26. Rc2 Nb8 27. Qc1 Nd7 28. Rc6 Nb6 29. Rc7 Na4 30. Qc6 Nc3 31. Rxa7 h4 32. Rd7 Qg5 33. Qxd6 Ne2+ 34. Kf1 hxg3 35. hxg3 Nxg3+ 36. fxg3 Qxg3 37. Bg2 Qxd3+ 38. Kg1 Qe3+ 39. Kh2 Rh8+ 0-1

[Event "BUL-ch Seniors"]
[Site "Sofia"]
[Date "2009.05.11"]
[Round "3"]
[White "Mitov, Borislav Nankov"]
[Black "Ljangov, Petar"]
[Result "1/2-1/2"]
[WhiteElo "2130"]
[BlackElo "2072"]
[PlyCount "106"]
[EventDate "2009.05.10"]
[EventType "swiss"]
[EventRounds "9"]
[EventCountry "BUL"]
[SourceTitle "CBM 130 Extra"]
[Source "ChessBase"]
[SourceDate "2009.07.02"]
[SourceVersion "2"]
[SourceVersionDate "2009.07.15"]
[SourceQuality "1"]

1. c4 e5 2. Nc3 Nf6 3. g3 Nc6 4. Bg2 g6 5. d3 Bg7 6. Nf3 0-0 7. 0-0 d6 8. Rb1 a5 9. Nh4 Be6 10. h3 Qd7 11. Kh2 h6 12. f4 exf4 13. gxf4 Ne7 14. e4 c6 15. Qf3 Qc7 16. Kh1 Bd7 17. Qf2 Qc8 18. Kh2 Nh5 19. Na4 Qd8 20. Nb6 Rb8 21. Bf3 Nf6 22. Bd2 c5 23. Nxd7 Nxd7 24. Bc3 Nc6 25. Bxg7 Kxg7 26. Rg1 Kh7 27. e5 dxe5 28. Bxc6 bxc6 29. f5 Qf6 30. b3 g5 31. Ng2 Qd6 32. Qg3 Nf6 33. Kh1 Rbd8 34. Rbd1 e4 35. Qxd6 Rxd6 36. dxe4 Nxe4 37. Rxd6 Nxd6 38. Ne3 Re8 39. Ng4 Kg7 40. f6+ Kg6 41. Rd1 Ne4 42. Rd7 Nxf6 43. Rd6 Re6 44. Rxe6 fxe6 45. Ne5+ Kf5 46. Nxc6 Ke4 47. Nxa5 Kd3 48. Nb7 Nd7 49. a4 Kc3 50. a5 Kxb3 51. a6 Kb4 52. Nd6 Nb6 53. Kg2 Ka5 1/2-1/2

[Event "Sofia Gerenski Memorial 2nd"]
[Site "Sofia"]
[Date "2009.03.24"]
[Round "5"]
[White "Mitov, Borislav Nankov"]
[Black "Arnaudov, Petar"]
[Result "0-1"]
[WhiteElo "2130"]
[BlackElo "2195"]
[PlyCount "118"]
[EventDate "2009.03.21"]
[EventType "swiss"]
[EventRounds "9"]
[EventCountry "BUL"]
[SourceTitle "CBM 129 Extra"]
[Source "ChessBase"]
[SourceDate "2009.05.05"]
[SourceVersion "2"]
[SourceVersionDate "2009.05.20"]
[SourceQuality "1"]

1. c4 e5 2. Nc3 Nf6 3. g3 c6 4. Nf3 Qa5 5. d3 e4 6. Nd4 Bb4 7. Bd2 Qe5 8. Nc2 Bc5 9. Bf4 Qe7 10. d4 Bb4 11. Bg5 Bxc3+ 12. bxc3 d6 13. Bg2 Nbd7 14. Ne3 Qe6 15. h4 h5 16. 0-0 d5 17. cxd5 Nxd5 18. Qc2 f6 19. Nxd5 cxd5 20. Bc1 Nb6 21. f3 e3 22. Qg6+ Kf8 23. Ba3+ Kg8 24. Bh3 Qf7 25. Qxf7+ Kxf7 26. Bg2 Nc4 27. Bc1 Bf5 28. g4 Bc2 29. f4 Rad8 30. g5 f5 31. Rf3 Rhe8 32. Rg3 g6 33. a4 Be4 34. Bf1 Re6 35. Bxe3 Bc2 36. Bc1 Ra6 37. e3 Rxa4 38. Rxa4 Bxa4 39. Bxc4 dxc4 40. Kf2 Bc2 41. Rg1 Rd5 42. Ba3 Ra5 43. Ra1 Ke6 44. Ke2 Kd5 45. Kd2 Bd3 46. Kc1 Ke4 47. Kb2 Kxe3 48. Bd6 Rb5+ 49. Ka2 Kd2 50. Ka3 Bc2 51. Rh1 Kxc3 52. Rh3+ Bd3 53. Ka4 Rb1 54. d5 Kd4 55. Bb4 Kxd5 56. Re3 Be4 57. Bc3 Rb3 58. Ka5 b6+ 59. Ka4 Kc5 0-1

[Event "Sofia Gerenski Memorial 2nd"]
[Site "Sofia"]
[Date "2009.03.23"]
[Round "4"]
[White "Orev, Petar"]
[Black "Mitov, Borislav Nankov"]
[Result "1/2-1/2"]
[WhiteElo "2231"]
[BlackElo "2130"]
[PlyCount "50"]
[EventDate "2009.03.21"]
[EventType "swiss"]
[EventRounds "9"]
[EventCountry "BUL"]
[SourceTitle "CBM 129 Extra"]
[Source "ChessBase"]
[SourceDate "2009.05.05"]
[SourceVersion "2"]
[SourceVersionDate "2009.05.20"]
[SourceQuality "1"]

1. Nf3 Nf6 2. g3 d6 3. Bg2 e5 4. 0-0 Be7 5. d4 Nbd7 6. c4 0-0 7. Nc3 c6 8. Qc2 Re8 9. Rd1 Qc7 10. b3 Nf8 11. Bb2 Ng6 12. Rac1 Bg4 13. h3 Bxf3 14. Bxf3 Rad8 15. e3 Qc8 16. Kg2 Bf8 17. Ne4 Nd7 18. Bg4 Qc7 19. h4 exd4 20. exd4 Be7 21. Bf5 Ngf8 22. Re1 g6 23. Bh3 f5 24. Ng5 Bf6 25. f4 Bg7 1/2-1/2

[Event "Sofia Grigorov Memorial 6th"]
[Site "Sofia"]
[Date "2008.01.06"]
[Round "1"]
[White "Mitov, Borislav Nankov"]
[Black "Nikolov, Momchil"]
[Result "0-1"]
[WhiteElo "2130"]
[BlackElo "2500"]
[PlyCount "98"]
[EventDate "2008.01.06"]
[EventType "swiss"]
[EventRounds "7"]
[EventCountry "BUL"]
[SourceTitle "CBM 122 Extra"]
[Source "ChessBase"]
[SourceDate "2008.03.04"]
[SourceVersion "1"]
[SourceVersionDate "2008.03.04"]
[SourceQuality "1"]

1. d4 Nf6 2. Nf3 e6 3. Bg5 b6 4. e3 Bb7 5. Nbd2 c5 6. c3 Be7 7. Bd3 d6 8. Qe2 Nbd7 9. 0-0 a6 10. a4 Qc7 11. e4 e5 12. d5 0-0 13. Rfc1 Qd8 14. Bxf6 Nxf6 15. Nf1 Nh5 16. g3 g6 17. Ne3 Bc8 18. Kh1 Ng7 19. Ng1 f5 20. f3 f4 21. Nf1 fxg3 22. hxg3 Nh5 23. b4 Bg5 24. Rd1 Ra7 25. Ra2 Nf6 26. Rb1 h5 27. bxc5 bxc5 28. a5 Nd7 29. Kg2 Qf6 30. Kf2 c4 31. Bxc4 Nc5 32. Ke1 h4 33. g4 h3 34. Nh2 Qf4 35. Kd1 Rh7 36. Kc2 Qg3 37. Rf1 Bd7 38. Kb1 Rb8+ 39. Ka1 Bb5 40. Rb2 Rhb7 41. Bxb5 Rxb5 42. Rxb5 Rxb5 43. Qf2 Nb3+ 44. Ka2 Qxf2+ 45. Rxf2 Be3 46. Rf1 Nxa5 47. Nxh3 Nc4 48. f4 Rb2+ 49. Ka1 Rxh2 0-1

[Event "BUL-ch Veterans"]
[Site "Sofia"]
[Date "2007.05.05"]
[Round "1"]
[White "Mitov, Borislav Nankov"]
[Black "Ivanov, Ivan"]
[Result "1-0"]
[WhiteElo "2140"]
[BlackElo "1935"]
[PlyCount "47"]
[EventDate "2007.05.05"]
[EventType "swiss"]
[EventRounds "7"]
[EventCountry "BUL"]
[SourceTitle "CBM 118 Extra"]
[Source "ChessBase"]
[SourceDate "2007.07.04"]
[SourceVersion "1"]
[SourceVersionDate "2007.07.04"]
[SourceQuality "1"]

1. d4 d5 2. c4 e6 3. Nc3 Bb4 4. Nf3 Bxc3+ 5. bxc3 Ne7 6. e3 b6 7. Bd3 Bb7 8. 0-0 0-0 9. Ba3 Re8 10. Ng5 Nf5 11. Qh5 h6 12. Qxf7+ Kh8 13. Nxe6 Rxe6 14. Qxe6 Bc8 15. Qxd5 Qxd5 16. cxd5 Nd6 17. e4 Nd7 18. e5 Ne8 19. Bb5 a6 20. Bc6 Rb8 21. f4 g6 22. f5 gxf5 23. Rxf5 Ng7 24. Rf7 1-0

[Event "Baharov Memorial op 13th"]
[Site "Sofia"]
[Date "2005.11.28"]
[Round "5"]
[White "Gigov, Mihail"]
[Black "Mitov, Borislav Nankov"]
[Result "1-0"]
[WhiteElo "2036"]
[BlackElo "2169"]
[PlyCount "47"]
[EventDate "2005.11.25"]
[EventType "swiss"]
[EventRounds "7"]
[EventCountry "BUL"]
[SourceTitle "CBM 109 Extra"]
[Source "ChessBase"]
[SourceDate "2006.01.03"]
[SourceVersion "2"]
[SourceVersionDate "2006.01.03"]
[SourceQuality "1"]

1. e4 c6 2. d4 d5 3. e5 Bf5 4. Nc3 e6 5. g4 Bg6 6. Nge2 h6 7. h4 Ne7 8. Be3 Nd7 9. h5 Bh7 10. f4 c5 11. Qd2 Nc6 12. f5 cxd4 13. Nxd4 Nxd4 14. Bxd4 Qa5 15. Nb5 Qxd2+ 16. Kxd2 0-0-0 17. fxe6 fxe6 18. Nxa7+ Kb8 19. Nb5 Be7 20. Rh3 Bg5+ 21. Ke1 Rhf8 22. Ba7+ Ka8 23. Ra3 Rc8 24. Bc5+ 1-0

[Event "Baharov Memorial op 13th"]
[Site "Sofia"]
[Date "2005.11.27"]
[Round "4"]
[White "Mitov, Borislav Nankov"]
[Black "Dobrev, Petko"]
[Result "1/2-1/2"]
[WhiteElo "2169"]
[BlackElo "1960"]
[PlyCount "88"]
[EventDate "2005.11.25"]
[EventType "swiss"]
[EventRounds "7"]
[EventCountry "BUL"]
[SourceTitle "CBM 109 Extra"]
[Source "ChessBase"]
[SourceDate "2006.01.03"]
[SourceVersion "2"]
[SourceVersionDate "2006.01.03"]
[SourceQuality "1"]

1. d4 e6 2. c4 f5 3. g3 Nf6 4. Bg2 Be7 5. Nf3 0-0 6. 0-0 c6 7. Qc2 d5 8. b3 Bd7 9. Ba3 Bxa3 10. Nxa3 Ne4 11. Nb1 Be8 12. Ne5 Nd7 13. Nxd7 Qxd7 14. e3 Bh5 15. Nd2 Rf7 16. Nf3 Bxf3 17. Bxf3 Raf8 18. Bg2 g6 19. f4 Qe7 20. Bxe4 fxe4 21. c5 Qf6 22. b4 Qf5 23. Qe2 h5 24. Kg2 Qg4 25. Qxg4 hxg4 26. Rh1 Rh7 27. h3 gxh3+ 28. Rxh3 Rxh3 29. Kxh3 g5 30. Rb1 a6 31. a4 gxf4 32. gxf4 Ra8 33. Kg4 Kf7 34. f5 Kf6 35. fxe6 Kxe6 36. b5 axb5 37. axb5 Rg8+ 38. Kf4 Rf8+ 39. Kg4 Rf3 40. bxc6 bxc6 41. Rb6 Kd7 42. Rb3 Kc7 43. Kg5 Kc8 44. Kg4 Kc7 1/2-1/2

[Event "Sofia Hemus op 20th"]
[Site "Sofia"]
[Date "2005.01.08"]
[Round "1.7"]
[White "Mitov, Borislav Nankov"]
[Black "Harizanov, Nikolai"]
[Result "1-0"]
[WhiteElo "2105"]
[BlackElo "1820"]
[PlyCount "45"]
[EventDate "2005.01.08"]
[EventType "swiss"]
[EventRounds "6"]
[EventCountry "BUL"]
[SourceTitle "CBM 104 Extra"]
[Source "ChessBase"]
[SourceDate "2005.03.01"]
[SourceVersion "1"]
[SourceVersionDate "2005.03.01"]
[SourceQuality "1"]

1. d4 d5 2. c4 e6 3. Nc3 Nf6 4. cxd5 exd5 5. Bg5 Nbd7 6. e3 c6 7. Qc2 Qa5 8. Bd3 Bb4 9. Nf3 0-0 10. Bxf6 Nxf6 11. 0-0 Bxc3 12. bxc3 h6 13. c4 c5 14. cxd5 cxd4 15. Nxd4 Bd7 16. e4 Rac8 17. Nb3 Qb4 18. Qd2 Rc3 19. Rfd1 Rfc8 20. f3 Ba4 21. Rac1 b6 22. Rxc3 Qxc3 23. Rc1 1-0

[Event "BUL-ch Seniors"]
[Site "Sofia"]
[Date "2004.05.23"]
[Round "2"]
[White "Ivanov, Dimitar"]
[Black "Mitov, Borislav Nankov"]
[Result "0-1"]
[WhiteElo "2235"]
[BlackElo "2187"]
[PlyCount "122"]
[EventDate "2004.05.22"]
[EventType "swiss"]
[EventRounds "9"]
[EventCountry "BUL"]
[SourceTitle "CBM 100 Extra"]
[Source "ChessBase"]
[SourceDate "2004.07.06"]
[SourceVersion "2"]
[SourceVersionDate "2004.07.06"]
[SourceQuality "1"]

1. e4 c6 2. d4 d5 3. Nd2 g6 4. c3 Bg7 5. Ngf3 Nh6 6. Bd3 0-0 7. 0-0 Nd7 8. exd5 cxd5 9. Re1 f6 10. Qb3 Nb8 11. h3 Kh8 12. Nf1 Nc6 13. Bf4 Nf7 14. Bh2 e5 15. dxe5 fxe5 16. Rad1 Qb6 17. Qxb6 axb6 18. Bb1 e4 19. Nd4 Nxd4 20. cxd4 Bd7 21. b3 b5 22. Ne3 Bc6 23. Nc2 Ng5 24. Bd6 Rfe8 25. Bf4 Ne6 26. Be3 Bf8 27. b4 Ra4 28. a3 Bg7 29. Ba2 Rf8 30. Bb3 Raa8 31. Rd2 h5 32. Ra1 Kh7 33. Ra2 g5 34. Na1 Bf6 35. Bd1 Kg6 36. Nb3 Nf4 37. Nc5 Be7 38. Rdc2 Rh8 39. Kf1 Kf5 40. Bxh5 Nxh5 41. g4+ Kf6 42. gxh5 Rxh5 43. Nb3 Bd8 44. Rc1 Rxh3 45. Kg2 Rh4 46. Rh1 Rxh1 47. Kxh1 Bc7 48. Ra1 Kf5 49. Kg2 Rh8 50. Rh1 Rh4 51. Nc1 Kg4 52. Ne2 Be8 53. Ng1 Bh5 54. Nh3 Bf4 55. Ng1 Rxh1 56. Kxh1 Kh4 57. Kg2 Bg4 58. Bxf4 gxf4 59. f3 Bxf3+ 60. Nxf3+ exf3+ 61. Kxf3 Kg5 0-1